Nebezpečná silná stránka - EGO

Vysoké nároky dnešnej spoločnosti a dosahovanie úspechov v práci. Trvalé profesionálne nasadenie a silné ego jedinca. Konkurenčný tlak v manažmente. Päť signálov narušeného ega a päť účinných protiopatrení.

Guardado en:
Detalles Bibliográficos
Autor principal: Kazičková, Martina
Formato: Capítulo de libro
Lenguaje:eslovaco
Materias:
Etiquetas: Agregar Etiqueta
Sin Etiquetas, Sea el primero en etiquetar este registro!

MARC

LEADER 00000naa a2200000 4500
001 0200347
005 20230912114149.1
041 0 |a slo 
044 |a SK 
245 1 0 |a Nebezpečná silná stránka - EGO  |c Martina Kazičková 
520 |a Vysoké nároky dnešnej spoločnosti a dosahovanie úspechov v práci. Trvalé profesionálne nasadenie a silné ego jedinca. Konkurenčný tlak v manažmente. Päť signálov narušeného ega a päť účinných protiopatrení. 
610 2 0 |a manažment 
610 2 0 |a manažéri 
610 2 0 |a komunikácia manažérska 
610 2 0 |a riadenie 
610 2 0 |a vedenie 
610 2 0 |a úspech pracovný 
610 2 0 |a inteligencia 
610 2 0 |a štýl vedenia 
100 1 |a Kazičková, Martina